export_success — 

Die Vorbildung Zum Höheren Verwaltungsdienste in Den Deutschen Staaten, Oesterreich und Frankreich : Berichte und Gutachten Veröffentlicht Vom Verein Für Socialpolitik. (Schriften des Vereins Für Socialpolitik XXXIV).

Bibliographic Details
Main Author: Socialpolitik, Verein für.
Format: eBook
Language:German
Published: Berlin : Duncker & Humblot, 2014.
Edition:1st ed.
Series:Duncker and Humblot Reprints Series
Subjects:
Online Access:Click to View
LEADER 03326nam a22003853i 4500
001 EBC7101221
003 MiAaPQ
005 20240729202204.0
006 m o d |
007 cr cnu||||||||
008 240729s2014 xx o ||||0 ger d
020 |a 9783428572816  |q (electronic bk.) 
020 |z 9783428172818 
035 |a (MiAaPQ)EBC7101221 
035 |a (Au-PeEL)EBL7101221 
035 |a (OCoLC)1348487336 
040 |a MiAaPQ  |b eng  |e rda  |e pn  |c MiAaPQ  |d MiAaPQ 
100 1 |a Socialpolitik, Verein für. 
245 1 4 |a Die Vorbildung Zum Höheren Verwaltungsdienste in Den Deutschen Staaten, Oesterreich und Frankreich :  |b Berichte und Gutachten Veröffentlicht Vom Verein Für Socialpolitik. (Schriften des Vereins Für Socialpolitik XXXIV). 
250 |a 1st ed. 
264 1 |a Berlin :  |b Duncker & Humblot,  |c 2014. 
264 4 |c {copy}1887. 
300 |a 1 online resource (210 pages) 
336 |a text  |b txt  |2 rdacontent 
337 |a computer  |b c  |2 rdamedia 
338 |a online resource  |b cr  |2 rdacarrier 
490 1 |a Duncker and Humblot Reprints Series 
505 0 |a Intro -- Inhaltsverzeichniß. -- I. Die Vorbildung für den höheren Verwaltungsdienst im Königreiche Sachsen. Von Amtshauptmann Dr. jur. O. Fischer in Freiberg i. S. -- II. Die Ausbildung zum höheren Verwaltungsdienste in Oesterreich. Von Dr. Karl Freiherrn von Lemayer in Wien. -- I. -- II. -- A. Theoretische Vorbildung. -- B. Praktische Ausbildung. -- III. -- A. -- B. -- III. Ueber die akademische Vorbildung für den höheren Verwaltungsdienst in Preußen. Kritik und Reformvorschläge von Gustav Cohn in Göttingen. -- 1. -- 2. -- 3. -- 4. -- 5. -- 6. -- 7. -- 8. -- 9. -- 10. -- 11. -- Nachwort. -- IV. Ueber die Ausbildung der früher hannoverschen Verwaltungsbeamten. -- V. Die Vorbildung zum höheren Verwaltungsdienst in Bayern. Von Georg Schanz in Würzburg. -- 1. -- 2. -- 3. -- 4. -- 5. -- 6. -- VI. Die Vorbildung für den höheren Verwaltungsdienst im Königreiche Württemberg. Von Professor Dr. L. Jolly in Tübingen. -- VII. Die Vorschriften im Großherzogthum Baden über die Vorbereitung zum öffentlichen Dienst in der Justiz und der inneren Staatsverwaltung. Von Gustav Schönberg in Tübingen. -- VIII. Zur Frage der Vorbildung zum Verwaltungsdienst in Preußen. Von R. Bosse, Direktor im Reichsamt des Innern, in Berlin. -- IX. Die Universitätsstudien der preußischen Verwaltungsbeamten und die Gesetze vom 9. Mai 1869 und 11. März 1879. Von Erwin Nasse in Bonn. -- X. Ueber die Rekrutirung der öffentlichen Verwaltungsbeamten in Frankreich. Von Max Leclerc. -- I. -- II. -- Anhang. 
588 |a Description based on publisher supplied metadata and other sources. 
590 |a Electronic reproduction. Ann Arbor, Michigan : ProQuest Ebook Central, 2024. Available via World Wide Web. Access may be limited to ProQuest Ebook Central affiliated libraries.  
655 4 |a Electronic books. 
776 0 8 |i Print version:  |a Socialpolitik, Verein für  |t Die Vorbildung Zum Höheren Verwaltungsdienste in Den Deutschen Staaten, Oesterreich und Frankreich  |d Berlin : Duncker & Humblot,c2014  |z 9783428172818 
797 2 |a ProQuest (Firm) 
830 0 |a Duncker and Humblot Reprints Series 
856 4 0 |u https://ebookcentral.proquest.com/lib/matrademy/detail.action?docID=7101221  |z Click to View